<?xml version="1.0" encoding="UTF-8"?>
<record
    xmlns:xsi="http://www.w3.org/2001/XMLSchema-instance"
    xsi:schemaLocation="http://www.loc.gov/MARC21/slim http://www.loc.gov/standards/marcxml/schema/MARC21slim.xsd"
    xmlns="http://www.loc.gov/MARC21/slim">

  <leader>01011nam a22002417a 4500</leader>
  <controlfield tag="003">UA-OsUOA</controlfield>
  <controlfield tag="001"> 50228 </controlfield>
  <controlfield tag="007">ta</controlfield>
  <controlfield tag="008">20140528b un ||||| |||| 00| 0 ukr d</controlfield>
  <datafield tag="090" ind1=" " ind2=" ">
    <subfield code="a">082</subfield>
    <subfield code="b">&#x421;71</subfield>
  </datafield>
  <datafield tag="942" ind1=" " ind2=" ">
    <subfield code="c">BK</subfield>
  </datafield>
  <datafield tag="040" ind1=" " ind2=" ">
    <subfield code="a">UA-OsUOA</subfield>
    <subfield code="b">ukr</subfield>
    <subfield code="c">UA-OsUOA</subfield>
    <subfield code="d">UA-OsUOA</subfield>
  </datafield>
  <datafield tag="245" ind1=" " ind2=" ">
    <subfield code="a">&#x421;&#x43F;&#x435;&#x446;&#x456;&#x430;&#x43B;&#x44C;&#x43D;&#x456; &#x456;&#x441;&#x442;&#x43E;&#x440;&#x438;&#x447;&#x43D;&#x456; &#x434;&#x438;&#x441;&#x446;&#x438;&#x43F;&#x43B;&#x456;&#x43D;&#x438;: &#x43F;&#x438;&#x442;&#x430;&#x43D;&#x43D;&#x44F; &#x442;&#x435;&#x43E;&#x440;&#x456;&#x457; &#x456; &#x43C;&#x435;&#x442;&#x43E;&#x434;&#x438;&#x43A;&#x438;</subfield>
    <subfield code="b">&#x417;&#x431;&#x456;&#x440;&#x43D;&#x438;&#x43A; &#x43D;&#x430;&#x443;&#x43A;&#x43E;&#x432;&#x438;&#x445; &#x43F;&#x440;&#x430;&#x446;&#x44C; &#x442;&#x430; &#x441;&#x43F;&#x43E;&#x433;&#x430;&#x434;&#x456;&#x432;</subfield>
    <subfield code="c">&#x427;&#x438;&#x441;&#x43B;&#x43E; 4</subfield>
  </datafield>
  <datafield tag="300" ind1=" " ind2=" ">
    <subfield code="a">306 &#x441;.</subfield>
  </datafield>
  <datafield tag="955" ind1=" " ind2=" ">
    <subfield code="a">1</subfield>
  </datafield>
  <datafield tag="041" ind1=" " ind2=" ">
    <subfield code="a">ukr</subfield>
  </datafield>
  <datafield tag="080" ind1=" " ind2=" ">
    <subfield code="a">082</subfield>
  </datafield>
  <datafield tag="260" ind1=" " ind2=" ">
    <subfield code="a">&#x41A;.</subfield>
    <subfield code="b">&#x406;&#x43D;&#x441;&#x442;&#x438;&#x442;&#x443;&#x442; &#x456;&#x441;&#x442;&#x43E;&#x440;&#x456;&#x457; &#x41D;&#x410;&#x41D;&#x423;</subfield>
    <subfield code="c">2000</subfield>
  </datafield>
  <datafield tag="246" ind1="3" ind2="1">
    <subfield code="a">&#x427;&#x430;&#x441;&#x442;&#x438;&#x43D;&#x430; &#x406;</subfield>
    <subfield code="n">&#x41F;&#x430;&#x43C;'&#x44F;&#x442;&#x456; &#x432;&#x456;&#x434;&#x43E;&#x43C;&#x43E;&#x433;&#x43E; &#x432;&#x447;&#x435;&#x43D;&#x43E;&#x433;&#x43E;-&#x456;&#x441;&#x442;&#x43E;&#x440;&#x438;&#x43A;&#x430; &#x434;&#x43E;&#x43A;&#x442;&#x43E;&#x440;&#x430; &#x456;&#x441;&#x442;&#x43E;&#x440;&#x438;&#x447;&#x43D;&#x438;&#x445; &#x43D;&#x430;&#x443;&#x43A; &#x41E;&#x43B;&#x435;&#x43D;&#x438; &#x421;&#x442;&#x430;&#x43D;&#x456;&#x441;&#x43B;&#x430;&#x432;&#x456;&#x432;&#x43D;&#x438; &#x41A;&#x43E;&#x43C;&#x43F;&#x430;&#x43D;</subfield>
  </datafield>
  <datafield tag="650" ind1=" " ind2="7">
    <subfield code="a">08 &#x412;&#x438;&#x434;&#x430;&#x43D;&#x43D;&#x44F;. &#x41A;&#x43E;&#x43B;&#x435;&#x43A;&#x442;&#x438;&#x432;&#x43D;&#x456; &#x43F;&#x440;&#x430;&#x446;&#x456;</subfield>
    <subfield code="2">UDC</subfield>
  </datafield>
  <datafield tag="999" ind1=" " ind2=" ">
    <subfield code="c">430357</subfield>
    <subfield code="d">430357</subfield>
  </datafield>
  <datafield tag="952" ind1=" " ind2=" ">
    <subfield code="0">0</subfield>
    <subfield code="1">0</subfield>
    <subfield code="2">udc</subfield>
    <subfield code="4">0</subfield>
    <subfield code="7">0</subfield>
    <subfield code="a">300</subfield>
    <subfield code="b">300</subfield>
    <subfield code="d">2014-05-28</subfield>
    <subfield code="e">311/2014</subfield>
    <subfield code="g">1.00</subfield>
    <subfield code="i">2136081</subfield>
    <subfield code="l">0</subfield>
    <subfield code="o">082 &#x421;71</subfield>
    <subfield code="p">2136081</subfield>
    <subfield code="r">2019-09-14 00:00:00</subfield>
    <subfield code="w">2014-05-28</subfield>
    <subfield code="y">BK</subfield>
  </datafield>
</record>
